00299nam a2200121Ia 4500008004100000041000900041082001800050100001400068245004200082260003600124300000900160650000800169230718s9999 xx 000 0 und d aEng. a345.05bNAR-T aNaroayana 4aThe Code of Criminals Procedure, 1973 aPakistanbALT publicationc2010 a1152 aLaw